000
00301nam a22001337a 4500
008
170809b xxu||||| |||| 00| 0 eng d
020
_a
0387973893
041
_a
eng
080
_a
004
100
_a
35
101
_a
SHK
245
_a
C A SOFTWARE ENGINEERING APPROACH
_c
DARNELL.P.A
942
_2
udc
_c
BK
999
_c
23049
_d
23049